Mikroekonomie středně pokročilý kurz
Gespeichert in:
| 1. Verfasser: | |
|---|---|
| Format: | Buch |
| Sprache: | Tschechisch |
| Veröffentlicht: |
Praha
C.H. Beck
2002
|
| Schriftenreihe: | Beckovy ekonomické učebnice
|
| Schlagworte: | |
| Tags: |
Keine Tags, Fügen Sie das erste Tag hinzu!
|
MARC
| LEADER | 00000nam$a2200000$$$4500 | ||
|---|---|---|---|
| 001 | 0007968 | ||
| 005 | 20240226134223.5 | ||
| 020 | |a 80-7179-737-5 | ||
| 041 | 0 | |a cze | |
| 044 | |a CZ | ||
| 245 | 1 | 0 | |a Mikroekonomie |b středně pokročilý kurz |c Robert Holman |
| 264 | 1 | |a Praha |b C.H. Beck |c 2002 | |
| 300 | |a xviii, 591 s. | ||
| 490 | 1 | |a Beckovy ekonomické učebnice | |
| 830 | 0 | |a Beckovy ekonomické učebnice | |
| 610 | 2 | 0 | |a mikroekonomika |
| 610 | 2 | 0 | |a ekonómia |
| 610 | 2 | 0 | |a spotrebitelia |
| 610 | 2 | 0 | |a rozhodovanie |
| 610 | 2 | 0 | |a dopyt |
| 610 | 2 | 0 | |a spotreba |
| 610 | 2 | 0 | |a riziko |
| 610 | 2 | 0 | |a firmy |
| 610 | 2 | 0 | |a výroba |
| 610 | 2 | 0 | |a náklady |
| 610 | 2 | 0 | |a ponuka |
| 610 | 2 | 0 | |a rovnováha trhová |
| 610 | 2 | 0 | |a ceny trhové |
| 610 | 2 | 0 | |a konkurencia |
| 610 | 2 | 0 | |a monopoly |
| 610 | 2 | 0 | |a oligopoly |
| 610 | 2 | 0 | |a trh práce |
| 610 | 2 | 0 | |a kapitál |
| 610 | 2 | 0 | |a rozhodovanie investičné |
| 610 | 2 | 0 | |a efektívnosť |
| 610 | 2 | 0 | |a rovnováha |
| 610 | 2 | 0 | |a právo vlastnícke |
| 610 | 2 | 0 | |a externality |
| 610 | 2 | 0 | |a statky verejné |
| 610 | 2 | 0 | |a regulácia |
| 610 | 2 | 0 | |a voľba verejná |
| 100 | 1 | |a Holman, Robert | |